LIBRARY & INFORMATION CENTRE, KCAET, TAVANUR

ONLINE PUBLIC ACCESS CATALOGUE (OPAC)

Engineering optimization: Methods and applications / (Record no. 13183)

MARC details
000 -LEADER
fixed length control field 00511cam a2200193ua 4500
041 ## - LANGUAGE CODE
Language code of text/sound track or separate title eng
082 ## - DEWEY DECIMAL CLASSIFICATION NUMBER
Classification number 620.00724
Item number RAV/EN
100 ## - MAIN ENTRY--AUTHOR NAME
Personal name Ravindran, A .
245 ## - TITLE STATEMENT
Title Engineering optimization: Methods and applications /
260 ## - PUBLICATION, DISTRIBUTION, ETC. (IMPRINT)
Place of publication New Delhi :
Name of publisher Wiley Eastern Ltd ,
Year of publication 2006.
300 ## - PHYSICAL DESCRIPTION
Number of Pages 667 ; .
700 1# - ADDED ENTRY--PERSONAL NAME
Personal name Ragsdell, KM .
700 1# - ADDED ENTRY--PERSONAL NAME
Personal name Reklaitis, G V .
942 ## - ADDED ENTRY ELEMENTS (KOHA)
Koha item type Books
Holdings
Withdrawn status Lost status Damaged status Home library Current library Date acquired Full call number Accession Number Koha item type
      KAUAET KAUAET 07/04/2012 620.00724 RAV/EN 21501 Books
free website counter